Visual Basic в задачах и примерах

Opis bibliograficzny
1. autor: Сафронов И. К. Игорь Константинович
Streszczenie:В книге рассмотрены возможности языка Visual Basic на основе авторских задач и примеров. Описывается история языков семейства Basic, применение Visual Basic к реализации линейных, разветвляющихся и циклических алгоритмов, работа с подпрограммами и файлами, мультимедийные возможности языка при оформлении созданных приложений, написание простых игр. Каждая из рассматриваемых тем предваряется коротким теоретическим вступлением, поясняющим приведенные примеры и задачи. В конце книги дан справочник по языку и решения избранных задач. Для учащихся 8—/ / классов, студентов первых курсов и преподавателей школ и вузов
Język:rosyjski
Wydane: СПб., БХВ-Петербург, 2009
Hasła przedmiotowe:
Format: Książka
KOHA link:https://koha.lib.tpu.ru/cgi-bin/koha/opac-detail.pl?biblionumber=140510

MARC

LEADER 00000nam0a2200000 4500
001 140510
005 20231101220846.0
010 |a 9785941574957 
035 |a (RuTPU)RU\TPU\book\152220 
090 |a 140510 
100 |a 20080702d2009 m y0rusy50 ca 
101 0 |a rus 
102 |a RU 
105 |a a z 001zy 
200 1 |a Visual Basic в задачах и примерах  |f И. К. Сафронов 
210 |a СПб.  |c БХВ-Петербург  |d 2009 
215 |a 400 с.  |c ил. 
320 |a Библиогр.: с. 394. 
330 |a В книге рассмотрены возможности языка Visual Basic на основе авторских задач и примеров. Описывается история языков семейства Basic, применение Visual Basic к реализации линейных, разветвляющихся и циклических алгоритмов, работа с подпрограммами и файлами, мультимедийные возможности языка при оформлении созданных приложений, написание простых игр. Каждая из рассматриваемых тем предваряется коротким теоретическим вступлением, поясняющим приведенные примеры и задачи. В конце книги дан справочник по языку и решения избранных задач. Для учащихся 8—/ / классов, студентов первых курсов и преподавателей школ и вузов 
606 1 |a Visual Basik   |x язык программирования  |2 stltpush  |3 (RuTPU)RU\TPU\subj\2551  |9 31108 
610 1 |a вычислительная техника 
610 1 |a языки программирования 
610 1 |a файлы 
610 1 |a подпрограммы 
610 1 |a мультимедиа 
610 1 |a мультимедиа-программы 
610 1 |a приложения 
610 1 |a задачи 
610 1 |a примеры 
675 |a 681.3.06:800.92  |v 3 
700 1 |a Сафронов  |b И. К.  |g Игорь Константинович 
801 1 |a RU  |b 63413507  |c 20080702  |g PSBO 
801 2 |a RU  |b 63413507  |c 20210301  |g PSBO 
942 |c BK 
959 |a 69/20080701  |d 2  |e 139,00  |f ЧЗТЛ:1  |f АНЛ:1